|
|
|
|
| LEADER |
00659nab a2200181 i 4500 |
| 001 |
acta815 |
| 005 |
20210310110853.0 |
| 008 |
161015s1983 hu o 0|| hun d |
| 022 |
|
|
|a 0586-3732
|
| 040 |
|
|
|a SZTE Egyetemi Kiadványok Repozitórium
|b hun
|
| 041 |
|
|
|a hun
|
| 100 |
1 |
|
|a Nacsa Mária
|
| 245 |
1 |
0 |
|a Bulgária egy XIII-XIV. század fordulóján keletkezett "világpolitikai" elképzelésben
|h [elektronikus dokumentum] /
|c Nacsa Mária
|
| 260 |
|
|
|c 1983
|
| 300 |
|
|
|a 69-80
|
| 490 |
0 |
|
|a Dissertationes slavicae
|v 14 No. Supple
|
| 695 |
|
|
|a Történelemtudomány
|
| 856 |
4 |
0 |
|u http://acta.bibl.u-szeged.hu/815/1/dissert_slav_014_suppl_069-080.pdf
|z Dokumentum-elérés
|